Statistics for Pääkaupungit - Oseania

Click here to take the quiz!

General Stats

  • This quiz has been taken 60 times
  • The average score is 5 of 14

Answer Stats

Maa Pääkaupunki % Correct
AustraliaCanberra
100%
Uusi-SeelantiWellington
59%
FidziSuva
53%
Papua-Uusi-GuineaPort Moresby
35%
SamoaApia
35%
VanuatuPort Vila
35%
TuvaluFunafuti
29%
MarshallinsaaretMajuro
24%
TongaNuku´alofa
24%
KiribatiTarawa
18%
MikronesiaPalikir
18%
NauruYaren
18%
PalauNgerulmud
18%
SalomonsaaretHoniara
12%

Score Distribution

Percentile by Number Answered

Percent of People with Each Score

Your Score History

You have not taken this quiz